[Event "Gladiators May 20th"]
[Site "Chess.com INT"]
[Date "2020.05.20"]
[Round "8"]
[White "Baklan, Vladimir"]
[Black "Ponomariov, Ruslan"]
[Result "1/2-1/2"]
[WhiteElo "2587"]
[BlackElo "2631"]
[PlyCount "119"]
[EventDate "2020.05.20"]
[EventType "match (blitz)"]
[EventRounds "10"]
[EventCountry "UKR"]
[SourceTitle "CBM 196 Extra"]
[Source "ChessBase"]
[SourceDate "2020.07.31"]
[SourceVersion "1"]
[SourceVersionDate "2020.07.31"]
[SourceQuality "1"]

1. e4 c6 2. d4 d5 3. e5 c5 4. dxc5 e6 5. a3 Nc6 6. Nf3 Bxc5 7. b4 Bb6 8. Bd3 f6
9. Bb2 fxe5 10. Nxe5 Nxe5 11. Bxe5 Qg5 12. Bg3 Nh6 13. O-O O-O 14. Nd2 e5 15.
Nf3 Rxf3 16. Qxf3 e4 17. Bxe4 dxe4 18. Qxe4 Qg6 19. Qxg6 hxg6 20. c4 Nf5 21.
Be5 Be6 22. c5 Bd8 23. Rad1 Kf7 24. Rfe1 Be7 25. h3 a5 26. Rc1 axb4 27. axb4
Bd7 28. Ra1 Rxa1 29. Rxa1 Bc6 30. Ra8 g5 31. f3 Ke6 32. Bc3 Ne3 33. Bxg7 Nd5
34. Bd4 Nxb4 35. Rg8 Nd3 36. Kh2 Kd5 37. Be3 Nxc5 38. Bxg5 Bd6+ 39. Kh1 b5 40.
Bd2 Nb3 41. Be1 b4 42. Rd8 Ke6 43. h4 Nc1 44. h5 Nd3 45. Bd2 b3 46. Bc3 b2 47.
Bxb2 Nxb2 48. h6 Be5 49. h7 Nc4 50. h8=Q Bxh8 51. Rxh8 Ne3 52. Kh2 Kf7 53. Rh6
Bd5 54. Rd6 Be6 55. Ra6 Kf6 56. Kg3 Ke5 57. Kf2 Nd1+ 58. Ke2 Bc4+ 59. Kxd1 Bxa6
60. g3 1/2-1/2

[Event "Gladiators May 20th"]
[Site "Chess.com INT"]
[Date "2020.05.22"]
[Round "9"]
[White "Ponomariov, Ruslan"]
[Black "Baklan, Vladimir"]
[Result "1-0"]
[WhiteElo "2631"]
[BlackElo "2587"]
[PlyCount "87"]
[EventDate "2020.05.20"]
[EventType "match (blitz)"]
[EventRounds "10"]
[EventCountry "UKR"]
[SourceTitle "CBM 196 Extra"]
[Source "ChessBase"]
[SourceDate "2020.07.31"]
[SourceVersion "1"]
[SourceVersionDate "2020.07.31"]
[SourceQuality "1"]

1. Nc3 d5 2. d4 Nf6 3. Bf4 c6 4. e3 b5 5. Be2 g6 6. Nf3 Bg7 7. Ne5 O-O 8. h4 b4
9. Na4 Nfd7 10. Nd3 Qa5 11. c3 bxc3 12. b4 Qd8 13. Nxc3 f6 14. h5 e5 15. Bg3
exd4 16. exd4 f5 17. hxg6 hxg6 18. Nf4 Qe8 19. Kf1 Nf6 20. f3 g5 21. Nd3 Ne4
22. fxe4 fxe4+ 23. Nf2 e3 24. Bd3 Bf5 25. Bxf5 Rxf5 26. Qd3 Qf7 27. Qxe3 Nd7
28. Kg1 Nf6 29. Qd3 Ne4 30. Nfxe4 dxe4 31. Nxe4 Qd5 32. Rd1 Rd8 33. Nd6 Rf6 34.
Qh7+ Kf8 35. Ne4 Rf7 36. Bf2 Re8 37. Re1 Rfe7 38. Rh3 Rf7 39. Rf3 Rxf3 40. gxf3
Bxd4 41. Bxd4 Qxd4+ 42. Kg2 Qb2+ 43. Kf1 g4 44. Qh6+ 1-0

[Event "Gladiators May 20th"]
[Site "Chess.com INT"]
[Date "2020.05.22"]
[Round "10"]
[White "Baklan, Vladimir"]
[Black "Ponomariov, Ruslan"]
[Result "1/2-1/2"]
[WhiteElo "2587"]
[BlackElo "2631"]
[PlyCount "112"]
[EventDate "2020.05.20"]
[EventType "match (blitz)"]
[EventRounds "10"]
[EventCountry "UKR"]
[SourceTitle "CBM 196 Extra"]
[Source "ChessBase"]
[SourceDate "2020.07.31"]
[SourceVersion "1"]
[SourceVersionDate "2020.07.31"]
[SourceQuality "1"]

1. e4 Nf6 2. e5 Nd5 3. d4 d6 4. exd6 exd6 5. Nf3 Be7 6. g3 O-O 7. Bg2 Bf5 8.
O-O Qd7 9. Re1 Bf6 10. a3 Bh3 11. Bh1 Nc6 12. c4 Nb6 13. b3 Rfe8 14. Be3 d5 15.
c5 Nc8 16. Nc3 N8e7 17. b4 a6 18. Qd2 Nf5 19. Rac1 h6 20. Nxd5 Qxd5 21. Ng5
Qxh1+ 22. Kxh1 hxg5 23. Bxg5 Bxd4 24. f3 Ne5 25. Qe2 Re6 26. Qe4 Nc6 27. Qd3
Rae8 28. Rxe6 Rxe6 29. g4 Ne3 30. Bxe3 Rxe3 31. Qf5 g6 32. Qc8+ Kg7 33. Qxc7
Re2 34. Qg3 Bg2+ 35. Qxg2 Rxg2 36. Kxg2 Bb2 37. Rb1 Bxa3 38. b5 axb5 39. Rxb5
Nd4 40. Rxb7 Bxc5 41. h4 Ne6 42. Rb5 Be7 43. Kg3 Bd6+ 44. Kf2 Nf4 45. Ra5 Bb4
46. Rb5 Be7 47. Kg3 Ne2+ 48. Kh3 Nd4 49. Rb7 Bf6 50. g5 Be5 51. Kg4 Nf5 52. h5
Ne3+ 53. Kh4 gxh5 54. Kxh5 Nd5 55. Kg4 Ne3+ 56. Kh5 Nd5 1/2-1/2

[Event "Gladiators May 20th"]
[Site "Chess.com INT"]
[Date "2020.05.22"]
[Round "11"]
[White "Ponomariov, Ruslan"]
[Black "Baklan, Vladimir"]
[Result "0-1"]
[WhiteElo "2631"]
[BlackElo "2587"]
[PlyCount "66"]
[EventDate "2020.05.20"]
[EventType "match (blitz)"]
[EventRounds "10"]
[EventCountry "UKR"]
[SourceTitle "CBM 196 Extra"]
[Source "ChessBase"]
[SourceDate "2020.07.31"]
[SourceVersion "1"]
[SourceVersionDate "2020.07.31"]
[SourceQuality "1"]

1. Nc3 c5 2. d4 cxd4 3. Qxd4 Nc6 4. Qa4 Nf6 5. Nf3 a6 6. Bg5 e6 7. O-O-O Be7 8.
e4 Qc7 9. Kb1 O-O 10. e5 Nxe5 11. Nxe5 Qxe5 12. Qh4 h6 13. f4 Qa5 14. Bd3 d5
15. Bxh6 Ne4 16. Qg4 Nxc3+ 17. bxc3 Bf6 18. f5 Qxc3 19. Kc1 exf5 20. Bxf5 Bxf5
21. Qxf5 gxh6 22. Rd3 Qb2+ 23. Kd2 Bg5+ 24. Ke2 Rae8+ 25. Kf3 Qxc2 26. h4 Qe2+
27. Kg3 Re3+ 28. Rxe3 Qxe3+ 29. Kg4 Qd4+ 30. Kh5 Bf6 31. g4 Re8 32. Kxh6 Bg7+
33. Kh5 Re5 0-1

[Event "Gladiators May 20th"]
[Site "Chess.com INT"]
[Date "2020.05.22"]
[Round "12"]
[White "Baklan, Vladimir"]
[Black "Ponomariov, Ruslan"]
[Result "0-1"]
[WhiteElo "2587"]
[BlackElo "2631"]
[PlyCount "68"]
[EventDate "2020.05.20"]
[EventType "match (blitz)"]
[EventRounds "10"]
[EventCountry "UKR"]
[SourceTitle "CBM 196 Extra"]
[Source "ChessBase"]
[SourceDate "2020.07.31"]
[SourceVersion "1"]
[SourceVersionDate "2020.07.31"]
[SourceQuality "1"]

1. e4 e6 2. d4 c5 3. e5 cxd4 4. Nf3 Nc6 5. Bd3 d6 6. exd6 Bxd6 7. O-O Nf6 8.
Nbd2 Qc7 9. Qe2 Bd7 10. Nc4 h6 11. Rd1 O-O-O 12. Nxd6+ Qxd6 13. a3 e5 14. Nd2
Bg4 15. f3 Be6 16. b4 Nd5 17. Bb2 Ne3 18. Re1 f5 19. Nf1 f4 20. Nd2 Kb8 21. Ne4
Qc7 22. Nc5 Bc8 23. Rab1 g5 24. b5 Ne7 25. Ne4 g4 26. fxg4 Bxg4 27. Qf2 Rhg8
28. Nf6 Bh3 29. Nxg8 Rxg8 30. g3 N7f5 31. Bxf5 Nxf5 32. Qe2 Ne3 33. Qh5 Bg4 34.
Qxh6 Qxc2 0-1

[Event "Gladiators May 20th"]
[Site "Chess.com INT"]
[Date "2020.05.22"]
[Round "13"]
[White "Ponomariov, Ruslan"]
[Black "Baklan, Vladimir"]
[Result "0-1"]
[WhiteElo "2631"]
[BlackElo "2587"]
[PlyCount "70"]
[EventDate "2020.05.20"]
[EventType "match (blitz)"]
[EventRounds "10"]
[EventCountry "UKR"]
[SourceTitle "CBM 196 Extra"]
[Source "ChessBase"]
[SourceDate "2020.07.31"]
[SourceVersion "1"]
[SourceVersionDate "2020.07.31"]
[SourceQuality "1"]

1. Nc3 c5 2. Nf3 Nc6 3. e4 d6 4. Bc4 e6 5. O-O Nf6 6. d4 cxd4 7. Nxd4 Be7 8.
Be3 Bd7 9. Qe2 O-O 10. Rad1 Rc8 11. Kh1 Ne5 12. Bb3 Rxc3 13. bxc3 Nxe4 14. Qe1
Qa5 15. c4 Qxe1 16. Rfxe1 a6 17. f3 Nc3 18. Rc1 Rc8 19. Bd2 Na4 20. Bb4 Bf8 21.
f4 Nxc4 22. Nf3 b5 23. Rcd1 Nab6 24. Kg1 a5 25. Bc3 a4 26. Bxc4 Nxc4 27. Bb4
Bc6 28. Nd4 Be8 29. c3 g6 30. Re2 d5 31. Bxf8 Kxf8 32. Rb1 Nd6 33. Re3 Rc5 34.
Kf1 Ne4 35. Ne2 Nd2+ 0-1

[Event "Gladiators May 20th"]
[Site "Chess.com INT"]
[Date "2020.05.22"]
[Round "14"]
[White "Baklan, Vladimir"]
[Black "Ponomariov, Ruslan"]
[Result "0-1"]
[WhiteElo "2587"]
[BlackElo "2631"]
[PlyCount "68"]
[EventDate "2020.05.20"]
[EventType "match (blitz)"]
[EventRounds "10"]
[EventCountry "UKR"]
[SourceTitle "CBM 196 Extra"]
[Source "ChessBase"]
[SourceDate "2020.07.31"]
[SourceVersion "1"]
[SourceVersionDate "2020.07.31"]
[SourceQuality "1"]

1. e4 g6 2. d4 Bg7 3. Nc3 c6 4. h3 d5 5. exd5 cxd5 6. Nf3 Nc6 7. Be3 Nh6 8. g4
f6 9. Bg2 Nf7 10. Nd2 e6 11. O-O O-O 12. Re1 Bd7 13. Nb3 b6 14. Ne2 Rc8 15. c3
Re8 16. f4 Nd6 17. Ng3 f5 18. g5 Ne4 19. Qf3 a5 20. a4 Ne7 21. h4 h5 22. gxh6
Bxh6 23. h5 Kf7 24. hxg6+ Nxg6 25. Nd2 Rh8 26. Ndxe4 dxe4 27. Qf2 Qh4 28. Ne2
Qh5 29. Ng3 Qg4 30. Rf1 Rcg8 31. d5 Nh4 32. dxe6+ Bxe6 33. Bd4 Qxg3 34. Bxh8
Nf3+ 0-1

[Event "Gladiators May 20th"]
[Site "Chess.com INT"]
[Date "2020.05.22"]
[Round "15"]
[White "Ponomariov, Ruslan"]
[Black "Baklan, Vladimir"]
[Result "1-0"]
[WhiteElo "2631"]
[BlackElo "2587"]
[PlyCount "51"]
[EventDate "2020.05.20"]
[EventType "match (blitz)"]
[EventRounds "10"]
[EventCountry "UKR"]
[SourceTitle "CBM 196 Extra"]
[Source "ChessBase"]
[SourceDate "2020.07.31"]
[SourceVersion "1"]
[SourceVersionDate "2020.07.31"]
[SourceQuality "1"]

1. b3 Nf6 2. Bb2 g6 3. e4 d6 4. Nc3 Bg7 5. Qe2 c5 6. O-O-O Nc6 7. Nf3 Bg4 8.
Kb1 Nd4 9. Qe3 Bxf3 10. gxf3 Nd7 11. f4 a6 12. h4 b5 13. h5 e6 14. Ne2 Qb6 15.
Bg2 Ra7 16. f5 gxf5 17. Nf4 Bh6 18. c3 Nc6 19. exf5 e5 20. Nd5 Bxe3 21. Nxb6
Nxb6 22. Bxc6+ Ke7 23. dxe3 Rg8 24. Rhg1 Rxg1 25. Rxg1 d5 26. Ba3 1-0

[Event "Gladiators May 20th"]
[Site "Chess.com INT"]
[Date "2020.05.22"]
[Round "16"]
[White "Baklan, Vladimir"]
[Black "Ponomariov, Ruslan"]
[Result "0-1"]
[WhiteElo "2587"]
[BlackElo "2631"]
[PlyCount "116"]
[EventDate "2020.05.20"]
[EventType "match (blitz)"]
[EventRounds "10"]
[EventCountry "UKR"]
[SourceTitle "CBM 196 Extra"]
[Source "ChessBase"]
[SourceDate "2020.07.31"]
[SourceVersion "1"]
[SourceVersionDate "2020.07.31"]
[SourceQuality "1"]

1. e4 d6 2. d4 c6 3. Nc3 Nd7 4. f4 Qa5 5. Nf3 h6 6. Bd3 g5 7. O-O Bg7 8. e5
gxf4 9. exd6 e5 10. Re1 Kf8 11. dxe5 Nxe5 12. Bxf4 Nxd3 13. Qxd3 Nf6 14. Ne5
Be6 15. Ng6+ fxg6 16. Rxe6 Kg8 17. Rxf6 Bxf6 18. Qxg6+ Bg7 19. Re1 Rf8 20. Re7
Rh7 21. Qe6+ Kh8 22. d7 Bd4+ 23. Kh1 Rxe7 24. Qxe7 Qd8 25. Be5+ Bxe5 26. Qxe5+
Kh7 27. Qe4+ Kg7 28. Qd4+ Qf6 29. Qxf6+ Kxf6 30. Kg1 Ke7 31. Ne4 Kxd7 32. Nc5+
Kd6 33. Nxb7+ Kd5 34. Na5 Rb8 35. b3 c5 36. c4+ Ke4 37. Nc6 Rb7 38. Kf2 Rc7 39.
Na5 Rd7 40. Kg3 Rd3+ 41. Kh4 Rd2 42. Nb7 Rxg2 43. Nxc5+ Kf4 44. h3 Rxa2 45.
Nd3+ Ke3 46. Nb4 Ra3 47. c5 Rxb3 48. Nc6 Rc3 49. Nxa7 Rxc5 50. Kg4 Kf2 51. h4
h5+ 52. Kf4 Kg2 53. Ke4 Kg3 54. Kd4 Rf5 55. Nc6 Kxh4 56. Ke4 Kg4 57. Nd4 Rf4+
58. Ke3 Rxd4 0-1

[Event "Gladiators May 20th"]
[Site "Chess.com INT"]
[Date "2020.05.22"]
[Round "17"]
[White "Ponomariov, Ruslan"]
[Black "Baklan, Vladimir"]
[Result "0-1"]
[WhiteElo "2631"]
[BlackElo "2587"]
[PlyCount "56"]
[EventDate "2020.05.20"]
[EventType "match (blitz)"]
[EventRounds "10"]
[EventCountry "UKR"]
[SourceTitle "CBM 196 Extra"]
[Source "ChessBase"]
[SourceDate "2020.07.31"]
[SourceVersion "1"]
[SourceVersionDate "2020.07.31"]
[SourceQuality "1"]

1. d4 Nf6 2. Nc3 d5 3. Bf4 c6 4. e3 b5 5. Be2 g6 6. Nf3 Bg7 7. h4 h6 8. Ne5
Nfd7 9. Nd3 a5 10. a3 Na6 11. g4 Nc7 12. Bg3 Ne6 13. f4 Bb7 14. Bf3 Qb8 15. Kf2
Qa7 16. Ne2 c5 17. f5 cxd4 18. fxe6 dxe3+ 19. Kg2 fxe6 20. Ndf4 O-O 21. Rf1 Ne5
22. Kh3 Nxf3 23. Nxe6 d4 24. Nxf8 Rxf8 25. Qd3 h5 26. Qxg6 hxg4+ 27. Kxg4 Bc8+
28. Kh5 Qc5+ 0-1

[Event "Gladiators May 20th"]
[Site "Chess.com INT"]
[Date "2020.05.22"]
[Round "18"]
[White "Baklan, Vladimir"]
[Black "Ponomariov, Ruslan"]
[Result "0-1"]
[WhiteElo "2587"]
[BlackElo "2631"]
[PlyCount "36"]
[EventDate "2020.05.20"]
[EventType "match (blitz)"]
[EventRounds "10"]
[EventCountry "UKR"]
[SourceTitle "CBM 196 Extra"]
[Source "ChessBase"]
[SourceDate "2020.07.31"]
[SourceVersion "1"]
[SourceVersionDate "2020.07.31"]
[SourceQuality "1"]

1. e4 d5 2. exd5 Nf6 3. Nc3 Nxd5 4. Nf3 Nc6 5. Bb5 Bg4 6. h3 Bh5 7. g4 Bg6 8.
Ne5 Qd6 9. Nc4 Qe6+ 10. Ne3 Nxc3 11. bxc3 O-O-O 12. Rb1 h5 13. g5 h4 14. Qf3
Be4 15. Qe2 Bxh1 16. Bc4 Qxh3 17. d4 Bf3 18. Qd3 Ne5 0-1

[Event "Gladiators May 27th"]
[Site "Chess.com INT"]
[Date "2020.05.27"]
[Round "1"]
[White "Ponomariov, Ruslan"]
[Black "Kuzubov, Yuriy"]
[Result "1-0"]
[WhiteElo "2631"]
[BlackElo "2643"]
[PlyCount "81"]
[EventDate "2020.05.27"]
[EventType "match (blitz)"]
[EventRounds "10"]
[EventCountry "UKR"]
[SourceTitle "CBM 196 Extra"]
[Source "ChessBase"]
[SourceDate "2020.07.31"]
[SourceVersion "1"]
[SourceVersionDate "2020.07.31"]
[SourceQuality "1"]

1. c4 e5 2. Nc3 Bb4 3. Nd5 Bc5 4. b4 Bf8 5. Bb2 c6 6. Ne3 Bxb4 7. Bxe5 Nf6 8.
Nf3 O-O 9. Qb1 d6 10. Qxb4 dxe5 11. Nxe5 Re8 12. Nf3 Na6 13. Qb2 b5 14. cxb5
Rb8 15. a4 cxb5 16. axb5 Nc7 17. g3 Bb7 18. Bg2 Nxb5 19. O-O Bxf3 20. exf3 Re6
21. f4 Rd6 22. Rfd1 Nd4 23. Qa2 a6 24. d3 Nb5 25. Qd2 Rc8 26. Nf5 Rd7 27. Rxa6
g6 28. Ne3 Nc3 29. Rda1 Rxd3 30. Qb2 Nce4 31. Bxe4 Nxe4 32. Ng4 Rd1+ 33. Rxd1
Qxd1+ 34. Kg2 Rc3 35. Nf6+ Nxf6 36. Qxc3 Qd5+ 37. Qf3 Qd4 38. Ra3 h5 39. Rd3
Qc4 40. h3 Ne4 41. Qe3 1-0

[Event "Gladiators May 27th"]
[Site "Chess.com INT"]
[Date "2020.05.27"]
[Round "2"]
[White "Kuzubov, Yuriy"]
[Black "Ponomariov, Ruslan"]
[Result "0-1"]
[WhiteElo "2643"]
[BlackElo "2631"]
[PlyCount "56"]
[EventDate "2020.05.27"]
[EventType "match (blitz)"]
[EventRounds "10"]
[EventCountry "UKR"]
[SourceTitle "CBM 196 Extra"]
[Source "ChessBase"]
[SourceDate "2020.07.31"]
[SourceVersion "1"]
[SourceVersionDate "2020.07.31"]
[SourceQuality "1"]

1. c4 g6 2. d4 Bg7 3. Nc3 c5 4. d5 f5 5. g3 d6 6. Bg2 Bxc3+ 7. bxc3 Qa5 8. Qc2
Nd7 9. Nf3 Ngf6 10. O-O Nb6 11. Nd2 Qa4 12. Qb3 Bd7 13. Re1 O-O-O 14. e4 fxe4
15. Nxe4 Qxc4 16. Ng5 Rde8 17. Nf7 Rhf8 18. Rxe7 Qxb3 19. Nxd6+ Kb8 20. Nxe8
Qd1+ 21. Bf1 Qxd5 22. Bf4+ Kc8 23. Nd6+ Kd8 24. Rae1 Bc6 25. f3 Qxf3 26. Bh3
Qh1+ 27. Kf2 Qxh2+ 28. Ke3 Kxe7 0-1

[Event "Gladiators May 27th"]
[Site "Chess.com INT"]
[Date "2020.05.27"]
[Round "3"]
[White "Ponomariov, Ruslan"]
[Black "Kuzubov, Yuriy"]
[Result "0-1"]
[WhiteElo "2631"]
[BlackElo "2643"]
[PlyCount "72"]
[EventDate "2020.05.27"]
[EventType "match (blitz)"]
[EventRounds "10"]
[EventCountry "UKR"]
[SourceTitle "CBM 196 Extra"]
[Source "ChessBase"]
[SourceDate "2020.07.31"]
[SourceVersion "1"]
[SourceVersionDate "2020.07.31"]
[SourceQuality "1"]

1. Nc3 d5 2. d4 Nf6 3. Bf4 g6 4. e3 Bg7 5. Be2 O-O 6. h4 c5 7. h5 Nc6 8. hxg6
hxg6 9. Nf3 Ne4 10. Kf1 Bf5 11. g3 e6 12. Kg1 Re8 13. Nb5 g5 14. Bc7 Qd7 15. g4
Bg6 16. Ne5 Nxe5 17. Bxe5 Bxe5 18. dxe5 a6 19. Na3 Qc7 20. f3 Ng3 21. Rh3 Nxe2+
22. Qxe2 Qxe5 23. c3 Kg7 24. Kg2 Rh8 25. Rah1 Rxh3 26. Rxh3 Rh8 27. Rxh8 Kxh8
28. Qd2 Kg7 29. Nc2 Bxc2 30. Qxc2 Qxe3 31. b4 d4 32. cxd4 cxd4 33. Qc7 d3 34.
Qc3+ e5 35. a4 Qe2+ 36. Kg3 d2 0-1

[Event "Gladiators May 27th"]
[Site "Chess.com INT"]
[Date "2020.05.27"]
[Round "4"]
[White "Kuzubov, Yuriy"]
[Black "Ponomariov, Ruslan"]
[Result "1-0"]
[WhiteElo "2643"]
[BlackElo "2631"]
[PlyCount "97"]
[EventDate "2020.05.27"]
[EventType "match (blitz)"]
[EventRounds "10"]
[EventCountry "UKR"]
[SourceTitle "CBM 196 Extra"]
[Source "ChessBase"]
[SourceDate "2020.07.31"]
[SourceVersion "1"]
[SourceVersionDate "2020.07.31"]
[SourceQuality "1"]

1. c4 g6 2. d4 Bg7 3. Nc3 e6 4. h4 d5 5. h5 Nc6 6. Nf3 b6 7. Bg5 Qd7 8. Qd2 h6
9. Bf4 g5 10. cxd5 exd5 11. Bg3 Bb7 12. e3 Nge7 13. Bd3 a6 14. a3 Nf5 15. Bxc7
Nfxd4 16. exd4 Qxc7 17. Nxd5 Qd8 18. Ne3 Nxd4 19. Nxd4 Bxd4 20. O-O Kf8 21.
Rad1 Qf6 22. Be4 Bxe4 23. Qxd4 Qxd4 24. Rxd4 Re8 25. Rd6 Re6 26. Rxe6 fxe6 27.
Rc1 Ke7 28. Rc7+ Kd6 29. Rf7 Rc8 30. f3 Rc1+ 31. Kh2 Bd5 32. Ng4 Rc2 33. Nxh6
Rxb2 34. Ng4 e5 35. Rf6+ Ke7 36. h6 Rc2 37. h7 Rc8 38. Rxb6 Rh8 39. Kg3 e4 40.
Nf6 Ba8 41. fxe4 Kf7 42. e5 a5 43. Ra6 Kg6 44. Rxa5 Kf5 45. Rxa8 Rxa8 46. Ng8
Rxa3+ 47. Kh2 g4 48. h8=Q g3+ 49. Kh3 1-0

[Event "Gladiators May 27th"]
[Site "Chess.com INT"]
[Date "2020.05.27"]
[Round "5"]
[White "Ponomariov, Ruslan"]
[Black "Kuzubov, Yuriy"]
[Result "0-1"]
[WhiteElo "2631"]
[BlackElo "2643"]
[PlyCount "120"]
[EventDate "2020.05.27"]
[EventType "match (blitz)"]
[EventRounds "10"]
[EventCountry "UKR"]
[SourceTitle "CBM 196 Extra"]
[Source "ChessBase"]
[SourceDate "2020.07.31"]
[SourceVersion "1"]
[SourceVersionDate "2020.07.31"]
[SourceQuality "1"]

1. Nc3 c5 2. Nf3 Nc6 3. d4 cxd4 4. Nxd4 g6 5. e4 Bg7 6. Be3 Nf6 7. Nb3 O-O 8.
Be2 d6 9. g4 a5 10. g5 Nd7 11. a4 Nb4 12. h4 b5 13. axb5 Bb7 14. h5 a4 15. Nd4
Nc5 16. hxg6 hxg6 17. Rh4 Qc7 18. f3 a3 19. bxa3 Ncd3+ 20. cxd3 Qxc3+ 21. Kf1
Rxa3 22. Rc1 Qb2 23. Rb1 Qc3 24. Rc1 Qb2 25. Nc6 Bxc6 26. bxc6 Ra2 27. Rh2 Nc2
28. Bg1 Rc8 29. Rb1 Qc3 30. d4 Qxc6 31. d5 Qc3 32. Bd3 Ne3+ 33. Bxe3 Rxh2 34.
Kg1 Ra2 35. Rc1 Qxc1 36. Bxc1 Ra1 37. Bc2 Bb2 38. Bxb2 Rxd1+ 39. Bxd1 Rb8 40.
Bc3 Rb1 41. Kf2 Rxd1 42. Ba5 Ra1 43. Bd8 Kf8 44. Bb6 Ke8 45. Bd4 Ra3 46. Bg7
Kd7 47. Bd4 e6 48. dxe6+ fxe6 49. Bf6 d5 50. Ke2 Kc6 51. Bd4 Ra4 52. Ke3 dxe4
53. Kxe4 Kd6 54. f4 Rb4 55. Ke3 Kd5 56. Bg7 Rb3+ 57. Kf2 Ke4 58. Be5 Rf3+ 59.
Kg2 Rxf4 60. Bxf4 Kxf4 0-1

[Event "Gladiators May 27th"]
[Site "Chess.com INT"]
[Date "2020.05.27"]
[Round "6"]
[White "Kuzubov, Yuriy"]
[Black "Ponomariov, Ruslan"]
[Result "1/2-1/2"]
[WhiteElo "2643"]
[BlackElo "2631"]
[PlyCount "88"]
[EventDate "2020.05.27"]
[EventType "match (blitz)"]
[EventRounds "10"]
[EventCountry "UKR"]
[SourceTitle "CBM 196 Extra"]
[Source "ChessBase"]
[SourceDate "2020.07.31"]
[SourceVersion "1"]
[SourceVersionDate "2020.07.31"]
[SourceQuality "1"]

1. c4 e6 2. Nc3 b6 3. e4 Bb7 4. d4 Bb4 5. Qc2 Qh4 6. d5 Nf6 7. Bd3 Na6 8. Nf3
Qg4 9. O-O Bxc3 10. Qxc3 Nxe4 11. Bxe4 Qxe4 12. Re1 Qg6 13. b4 f6 14. dxe6
O-O-O 15. c5 Nxb4 16. Nh4 Qg4 17. g3 Nd5 18. Qa3 Rhe8 19. Qxa7 Rxe6 20. Bd2
Rde8 21. cxb6 Rxe1+ 22. Bxe1 Qe4 23. bxc7 Nxc7 24. f3 Qc2 25. Bf2 Re2 26. Re1
Rxe1+ 27. Bxe1 Nb5 28. Qe3 Bc6 29. Ng2 Kb7 30. g4 Qxa2 31. h4 Qd5 32. Kf2 Nd4
33. Nf4 Qxf3+ 34. Qxf3 Nxf3 35. Nh5 Nxe1 36. Kxe1 Bf3 37. Nxg7 Bxg4 38. Ne8 Kc6
39. Nxf6 h5 40. Kf2 Bd1 41. Ke1 Bf3 42. Kf2 Bd1 43. Ke1 Bf3 44. Kf2 Bd1 1/2-1/2

[Event "Gladiators May 27th"]
[Site "Chess.com INT"]
[Date "2020.05.27"]
[Round "7"]
[White "Ponomariov, Ruslan"]
[Black "Kuzubov, Yuriy"]
[Result "0-1"]
[WhiteElo "2631"]
[BlackElo "2643"]
[PlyCount "86"]
[EventDate "2020.05.27"]
[EventType "match (blitz)"]
[EventRounds "10"]
[EventCountry "UKR"]
[SourceTitle "CBM 196 Extra"]
[Source "ChessBase"]
[SourceDate "2020.07.31"]
[SourceVersion "1"]
[SourceVersionDate "2020.07.31"]
[SourceQuality "1"]

1. b3 d5 2. Bb2 Nf6 3. e3 c5 4. Bb5+ Bd7 5. Bxd7+ Qxd7 6. f4 Nc6 7. Nf3 d4 8.
Qe2 e6 9. Na3 Be7 10. O-O O-O 11. Nc4 Rad8 12. Nce5 Qc7 13. c4 dxc3 14. Bxc3
Ne4 15. Bb2 Nxe5 16. fxe5 Ng5 17. Nxg5 Bxg5 18. Rf2 Rd7 19. Qg4 Be7 20. Raf1
Qc6 21. Bc3 b5 22. a4 b4 23. Bb2 Qd5 24. Qc4 Qxc4 25. bxc4 Rd3 26. Rb1 Rfd8 27.
Bc1 f6 28. exf6 Bxf6 29. Kf1 e5 30. Ke2 Kf7 31. Rf3 R8d6 32. e4 Rxf3 33. gxf3
Bg5 34. d3 Bxc1 35. Rxc1 Rh6 36. Rh1 Rh3 37. Kf2 g5 38. Kg2 g4 39. fxg4 Rxd3
40. Rf1+ Ke6 41. Rf8 Rd4 42. Kf3 Rxc4 43. g5 b3 0-1

[Event "Gladiators May 27th"]
[Site "Chess.com INT"]
[Date "2020.05.27"]
[Round "8"]
[White "Kuzubov, Yuriy"]
[Black "Ponomariov, Ruslan"]
[Result "0-1"]
[WhiteElo "2643"]
[BlackElo "2631"]
[PlyCount "96"]
[EventDate "2020.05.27"]
[EventType "match (blitz)"]
[EventRounds "10"]
[EventCountry "UKR"]
[SourceTitle "CBM 196 Extra"]
[Source "ChessBase"]
[SourceDate "2020.07.31"]
[SourceVersion "1"]
[SourceVersionDate "2020.07.31"]
[SourceQuality "1"]

1. d4 e6 2. e4 d5 3. Nc3 Bb4 4. e5 c5 5. a3 Bxc3+ 6. bxc3 Nc6 7. Qg4 g6 8. Qd1
Qa5 9. Bd2 c4 10. h4 h6 11. Ne2 Bd7 12. g3 O-O-O 13. Bh3 f5 14. Be3 Rh7 15. Qd2
Qa4 16. Kf1 Rf8 17. Kg2 b6 18. f3 Rff7 19. g4 fxg4 20. fxg4 h5 21. Raf1 hxg4
22. Bxg4 Nce7 23. Bg5 Nf5 24. h5 gxh5 25. Bxf5 exf5 26. Ng3 Ne7 27. Bxe7 Rxe7
28. Rxh5 Rhg7 29. Rg5 f4 30. Rxg7 Rxg7 31. Rxf4 Qxa3 32. Kf2 Kb7 33. Rf6 Rh7
34. Kf3 Qa1 35. Kf4 Qg1 36. Kf3 Rg7 37. Qf2 Qc1 38. e6 Be8 39. Kg2 Qg5 40. Rf7+
Ka6 41. Rxg7 Qxg7 42. Qe3 Kb7 43. Kf2 Qf6+ 44. Ke2 Kc6 45. Kd2 Kd6 46. e7 Kd7
47. Ne2 Qxe7 48. Qg5 Qxg5+ 0-1

[Event "Gladiators May 27th"]
[Site "Chess.com INT"]
[Date "2020.05.27"]
[Round "9"]
[White "Ponomariov, Ruslan"]
[Black "Kuzubov, Yuriy"]
[Result "1/2-1/2"]
[WhiteElo "2631"]
[BlackElo "2643"]
[PlyCount "99"]
[EventDate "2020.05.27"]
[EventType "match (blitz)"]
[EventRounds "10"]
[EventCountry "UKR"]
[SourceTitle "CBM 196 Extra"]
[Source "ChessBase"]
[SourceDate "2020.07.31"]
[SourceVersion "1"]
[SourceVersionDate "2020.07.31"]
[SourceQuality "1"]

1. d4 Nf6 2. Nc3 d5 3. Bf4 g6 4. e3 Bg7 5. h4 h6 6. h5 g5 7. Bg3 c5 8. Nb5 Na6
9. f3 O-O 10. c3 Nd7 11. f4 Nf6 12. Bd3 Bg4 13. Qc2 Nxh5 14. Bf2 gxf4 15. Bh7+
Kh8 16. Bf5 Nf6 17. exf4 Bxf5 18. Qxf5 Qd7 19. Qxd7 Nxd7 20. Nf3 Nf6 21. Ne5
cxd4 22. Bxd4 Kg8 23. Nxa7 Nc7 24. a4 Ne6 25. Nb5 Nxf4 26. g3 Ne6 27. Be3 Ng5
28. Bxg5 hxg5 29. Nf3 Ne4 30. g4 Rfc8 31. Rh2 Rc4 32. Rd1 e6 33. b3 Rcc8 34.
Rd3 Nxc3 35. Nd6 Rc7 36. Nxg5 Be5 37. Rh5 Bxd6 38. Rdh3 Be5 39. Nxe6 fxe6 40.
Rxe5 Re7 41. Rg5+ Rg7 42. Rxg7+ Kxg7 43. Rxc3 Kf6 44. Rc7 b5 45. axb5 Rb8 46.
Rc5 Kg5 47. Rc6 Rxb5 48. Rxe6 Rxb3 49. Re5+ Kxg4 50. Rxd5 1/2-1/2